EXAM-ORIENTED MICROBIOLOGY : QUESTIONS & ANSWER (Record no. 14113)

MARC details
000 -LEADER
fixed length control field 00325nam a22001457a 4500
003 - CONTROL NUMBER IDENTIFIER
control field SGT
082 ## - DEWEY DECIMAL CLASSIFICATION NUMBER
Classification number 616.01
Item number E17A
100 ## - MAIN ENTRY--PERSONAL NAME
Personal name ARORA, D.R.
245 ## - TITLE STATEMENT
Title EXAM-ORIENTED MICROBIOLOGY : QUESTIONS & ANSWER
250 ## - EDITION STATEMENT
Edition statement 1ST
260 ## - PUBLICATION, DISTRIBUTION, ETC. (IMPRINT)
Place of publication, distribution, etc INDIA
Name of publisher, distributor, etc CBS
Year of Publication 2017
300 ## - PAGE DESCRIPTION
No. of Pages 565
650 ## - SUBJECT ADDED ENTRY--TOPICAL TERM
Topical term or geographic name as entry element MICROBIOLOGY
942 ## - ADDED ENTRY ELEMENTS (KOHA)
Source of classification or shelving scheme Dewey Decimal Classification
Koha item type Books
942 ## - ADDED ENTRY ELEMENTS (KOHA)
-- 111
Holdings
Withdrawn status Lost status Source of classification or shelving scheme Damaged status Not for loan Collection code Home library Current library Shelving location Date acquired Vendor Name Cost, normal purchase price SGTU Bill Number Total Checkouts Full call number Accession No. (Barcode) Date last seen Date last borrowed Bill Date Koha item type Checked out Total Renewals
    Dewey Decimal Classification   Not For Loan MEDICAL SGT Medical Library SGT Medical Library Text Book 21/12/2017 ABC DELHI 695.00 SGTU 8923 36 616.01 E17A FM10181 09/04/2025 09/04/2025   Books    
    Dewey Decimal Classification     MEDICAL SGT Medical Library SGT Medical Library Text Book 21/12/2017 ABC DELHI 695.00 SGTU 8923 3 616.01 E17A FM10182 30/05/2026 30/05/2026   Books 13/06/2026  
    Dewey Decimal Classification     MEDICAL SGT Medical Library SGT Medical Library Text Book 21/12/2017 ABC DELHI 695.00 SGTU 8923 23 616.01 E17A FM10183 19/06/2025 27/05/2025   Books   1
    Dewey Decimal Classification     MEDICAL SGT Medical Library SGT Medical Library Text Book 21/12/2017 ABC DELHI 695.00 SGTU 8923 28 616.01 E17A FM10184 28/05/2026 28/05/2026   Books 11/06/2026 1
Withdrawn   Dewey Decimal Classification     MEDICAL SGT Medical Library SGT Medical Library Text Book 21/12/2017 ABC DELHI 695.00 SGTU 8923 9 616.01 E17A FM10185 19/02/2022 30/11/2021   Books    
    Dewey Decimal Classification     MEDICAL SGT Medical Library SGT Medical Library Text Book 21/12/2017 ABC DELHI 695.00 SGTU 8923 54 616.01 E17A FM10186 01/04/2026 17/03/2026   Books   1
Withdrawn   Dewey Decimal Classification     MEDICAL SGT Medical Library SGT Medical Library Text Book 21/12/2017 ABC DELHI 695.00 SGTU 8923 13 616.01 E17A FM10187 30/03/2021 19/03/2021   Books    
    Dewey Decimal Classification     MEDICAL SGT Medical Library SGT Medical Library Text Book 21/12/2017 ABC DELHI 695.00 SGTU 8923 30 616.01 E17A FM10188 30/05/2026 30/05/2026   Books 13/06/2026 1
    Dewey Decimal Classification     MEDICAL SGT Medical Library SGT Medical Library Text Book 21/12/2017 ABC DELHI 695.00 SGTU 8923 25 616.01 E17A FM10189 30/07/2024 02/07/2024   Books    
    Dewey Decimal Classification     MEDICAL SGT Medical Library SGT Medical Library Text Book 21/12/2017 ABC DELHI 695.00 SGTU 8923 23 616.01 E17A FM10190 03/02/2023 16/01/2023   Books